000 00298nam a22001337a 4500
008 170904b xxu||||| |||| 00| 0 eng d
020 _a2900312538612
041 _aeng
080 _a070
100 _a40
101 _aMED
245 _aEVRYTHING AN ARGUMENT
_cLUNSFORD.A.A
942 _2udc
_cBK
999 _c25929
_d25929